U. S. trade policy beyond the Uruguay round
Сохранить в:
| Главный автор: | |
|---|---|
| Формат: | |
| Язык: | Undetermined |
| Опубликовано: |
New York
Loyola College in Maryland
1994
|
| Метки: |
Добавить метку
Нет меток, Требуется 1-ая метка записи!
|
| Thư viện lưu trữ: | Trung tâm Học liệu Trường Đại học Cần Thơ |
|---|
| LEADER | 00443nam a2200157Ia 4500 | ||
|---|---|---|---|
| 001 | CTU_79357 | ||
| 008 | 210402s9999 xx 000 0 und d | ||
| 082 | |a 382 | ||
| 082 | |b S129 | ||
| 100 | |a Tagi, Sagafi-Nejad | ||
| 245 | 0 | |a U. S. trade policy beyond the Uruguay round | |
| 245 | 0 | |c Tagi Sagafi-Nejad | |
| 260 | |a New York | ||
| 260 | |b Loyola College in Maryland | ||
| 260 | |c 1994 | ||
| 980 | |a Trung tâm Học liệu Trường Đại học Cần Thơ | ||